[Event "Osasco op"]
[Site "Osasco"]
[Date "2023.12.02"]
[Round "3"]
[White "Leal, Guilherme Alves De"]
[Black "De Paula, Luan Araujo"]
[Result "0-1"]
[WhiteElo "1283"]
[BlackElo "1895"]
[PlyCount "104"]
[EventDate "2023.12.01"]
[EventType "swiss"]
[EventRounds "6"]
[EventCountry "BRA"]
[SourceTitle "CB50_2023"]
[SourceDate "2023.12.13"]
[SourceVersion "1"]
[SourceVersionDate "2023.12.13"]
[SourceQuality "1"]

1. e4 d5 2. exd5 Qxd5 3. Nc3 Qd8 4. d4 Nf6 5. Nf3 Bg4 6. Bb5+ c6 7. Be2 e6 8. h3 Bh5 9. a3 Nbd7 10. 0-0 Bd6 11. Bg5 Qc7 12. Nh4 Bxe2 13. Qxe2 0-0-0 14. b4 h6 15. Bxf6 Nxf6 16. Nf3 g5 17. b5 Rdg8 18. bxc6 Qxc6 19. Nb5 Bb8 20. Ne5 Qe8 21. Qc4+ Kd8 22. Rab1 Qe7 23. Rb3 Nd5 24. Rfb1 Nb6 25. Qc3 f6 26. Nc4 Nd5 27. Qa5+ b6 28. Qe1 Ke8 29. Nc3 Nxc3 30. Rxc3 Kf7 31. Rd1 Re8 32. Ne3 Qd6 33. Nf1 Rc8 34. Ng3 h5 35. Rxc8 Rxc8 36. Qe4 Rh8 37. d5 h4 38. dxe6+ Qxe6 39. Qxe6+ Kxe6 40. Ne4 Be5 41. a4 Rc8 42. Rc1 Rc4 43. f3 Rxa4 44. c4 Ra1 45. Rxa1 Bxa1 46. Kf2 Ke5 47. c5 bxc5 48. Ke2 c4 49. Nd2 Kd5 50. Nf1 Bd4 51. g3 a5 52. Nd2 hxg3 0-1

[Event "Hebraica op 31st"]
[Site "Hebraica"]
[Date "2023.06.30"]
[Round "1"]
[White "De Paula, Luan Araujo"]
[Black "Rodrigues, Gabriel Estevao"]
[Result "0-1"]
[WhiteElo "1863"]
[BlackElo "1380"]
[PlyCount "84"]
[EventDate "2023.06.30"]
[EventType "swiss"]
[EventRounds "6"]
[EventCountry "BRA"]
[SourceTitle "CBM 215 Extra"]
[Source "ChessBase"]
[SourceDate "2023.09.30"]
[SourceVersion "1"]
[SourceVersionDate "2023.09.30"]
[SourceQuality "1"]

1. e4 c5 2. Nf3 d6 3. d4 cxd4 4. Nxd4 Nf6 5. Nc3 g6 6. Be2 Bg7 7. Be3 0-0 8. f3 Nc6 9. Qd2 Bd7 10. 0-0-0 Rc8 11. g4 Nxd4 12. Bxd4 Qa5 13. Kb1 b5 14. Nd5 Qxd2 15. Nxe7+ Kh8 16. Rxd2 Ra8 17. Nd5 Nxd5 18. Bxg7+ Kxg7 19. Rxd5 b4 20. Rxd6 Be6 21. f4 Rfe8 22. f5 Bc8 23. f6+ Kg8 24. Rhd1 Be6 25. g5 a5 26. Rb6 Reb8 27. Rxb8+ Rxb8 28. Bb5 h6 29. Ba4 hxg5 30. Kc1 g4 31. Rd6 g5 32. Ra6 Kh7 33. Rxa5 Kg6 34. Rb5 Rh8 35. Rxb4 Rxh2 36. Bc6 g3 37. e5 g2 38. Bxg2 Rxg2 39. a4 Re2 40. a5 Rxe5 41. Ra4 g4 42. Ra3 Rg5 0-1

[Event "Hebraica op 30th"]
[Site "Hebraica"]
[Date "2023.02.10"]
[Round "2"]
[White "De Paula, Luan Araujo"]
[Black "Regiani, Rafael"]
[Result "1-0"]
[WhiteElo "1800"]
[BlackElo "1389"]
[PlyCount "87"]
[EventDate "2023.02.10"]
[EventType "swiss"]
[EventRounds "7"]
[EventCountry "BRA"]
[SourceTitle "CBM 212 Extra"]
[Source "ChessBase"]
[SourceDate "2023.03.31"]
[SourceVersion "1"]
[SourceVersionDate "2023.03.31"]
[SourceQuality "1"]

1. e4 e5 2. Nf3 Nc6 3. Bc4 Bc5 4. c3 Nf6 5. d3 0-0 6. 0-0 d5 7. exd5 Nxd5 8. h3 Be6 9. Ng5 h6 10. Nxe6 fxe6 11. Qg4 Qf6 12. Nd2 Bxf2+ 13. Kh1 Ne3 14. Ne4 Nxg4 15. Nxf6+ Rxf6 16. hxg4 Raf8 17. b4 Ne7 18. a4 Nd5 19. Bd2 Rg6 20. Be1 Be3 21. Rf3 Rxf3 22. gxf3 Rf6 23. Bg3 Bf4 24. Kg2 Ne3+ 25. Kf2 Nxc4 26. dxc4 Bxg3+ 27. Kxg3 Rf4 28. c5 Rc4 29. Re1 Rxc3 30. Rxe5 Kf7 31. Re4 g5 32. Kf2 a5 33. Ke2 Ke7 34. Kd2 Rxf3 35. bxa5 Rf4 36. Rxf4 gxf4 37. c6 b5 38. axb5 e5 39. a6 e4 40. a7 e3+ 41. Ke2 Kd6 42. a8Q Ke5 43. b6 cxb6 44. c7 1-0

[Event "Florianopolis op 9th"]
[Site "Florianopolis"]
[Date "2023.01.25"]
[Round "4"]
[White "Moura, Eduardo Henrique B"]
[Black "De Paula, Luan Araujo"]
[Result "1/2-1/2"]
[WhiteElo "2127"]
[BlackElo "1747"]
[PlyCount "37"]
[EventDate "2023.01.23"]
[EventType "swiss"]
[EventRounds "10"]
[EventCountry "BRA"]
[SourceTitle "CBM 212 Extra"]
[Source "ChessBase"]
[SourceDate "2023.03.31"]
[SourceVersion "1"]
[SourceVersionDate "2023.03.31"]
[SourceQuality "1"]

1. e4 c5 2. c3 Nf6 3. e5 Nd5 4. d4 cxd4 5. Nf3 e6 6. cxd4 Nc6 7. Bc4 d6 8. 0-0 Be7 9. Qe2 0-0 10. Qe4 Ndb4 11. exd6 Qxd6 12. Bf4 Qd8 13. Nc3 Bf6 14. a3 Nd5 15. Nxd5 exd5 16. Bxd5 Bg4 17. Ne5 Bf5 18. Qxf5 Qxd5 19. Qg4 1/2-1/2

[Event "Taubate op 3rd"]
[Site "Taubate"]
[Date "2022.12.04"]
[Round "6"]
[White "De Paula, Luan Araujo"]
[Black "Seccafim, Caic Dos Santos"]
[Result "0-1"]
[WhiteElo "1726"]
[BlackElo "1928"]
[PlyCount "144"]
[EventDate "2022.12.01"]
[EventType "swiss"]
[EventRounds "6"]
[EventCountry "BRA"]
[SourceTitle "CBM 211 Extra"]
[Source "ChessBase"]
[SourceDate "2023.01.31"]
[SourceVersion "1"]
[SourceVersionDate "2023.01.31"]
[SourceQuality "1"]

1. e4 c5 2. Nf3 Nc6 3. d4 cxd4 4. Nxd4 Nf6 5. Nc3 h5 6. f3 g6 7. Bg5 Bg7 8. Nb3 d6 9. Be2 Bd7 10. Qd2 a6 11. 0-0 Rc8 12. Rab1 Ne5 13. Be3 Be6 14. Nd4 Bc4 15. Bd3 0-0 16. b3 Bxd3 17. cxd3 d5 18. Nde2 dxe4 19. dxe4 Qa5 20. b4 Qc7 21. Bh6 Neg4 22. fxg4 Nxg4 23. Bf4 Bxc3 24. Qxc3 Qxc3 25. Nxc3 Rxc3 26. h3 Nf6 27. Be5 Rc6 28. Bxf6 exf6 29. b5 Re6 30. bxa6 bxa6 31. Rb4 Kg7 32. Rc1 Rfe8 33. Rcc4 Re5 34. Rd4 f5 35. exf5 Rxf5 36. Rd3 Re1+ 37. Kh2 g5 38. Rf3 Rxf3 39. gxf3 Re2+ 40. Kg3 h4+ 41. Kg4 Kg6 42. f4 Rg2+ 43. Kf3 Rg3+ 44. Kf2 gxf4 45. Rxf4 Ra3 46. Rxh4 Rxa2+ 47. Kg3 Ra3+ 48. Kg2 f5 49. Rc4 Kg5 50. h4+ Kf6 51. Rc6+ Kg7 52. h5 a5 53. h6+ Kh7 54. Rf6 Ra2+ 55. Kg1 a4 56. Rxf5 Kxh6 57. Ra5 Ra1+ 58. Kg2 Kg6 59. Kh2 Kf6 60. Kg2 Ke6 61. Kf2 Kd6 62. Kg2 Kc6 63. Kh2 a3 64. Kg2 Kb6 65. Ra4 Kb5 66. Ra8 Kb4 67. Rb8+ Kc3 68. Rb7 Ra2+ 69. Kg1 Rb2 70. Rc7+ Kb3 71. Rb7+ Kc2 72. Rc7+ Kb1 0-1

[Event "Hebraica op 29th"]
[Site "Hebraica"]
[Date "2022.11.20"]
[Round "4"]
[White "De Paula, Luan Araujo"]
[Black "Rocha, Eduardo Quaresma"]
[Result "1-0"]
[WhiteElo "1759"]
[BlackElo "1338"]
[PlyCount "117"]
[EventDate "2022.11.19"]
[EventType "swiss"]
[EventRounds "5"]
[EventCountry "BRA"]
[SourceTitle "CBM 211 Extra"]
[Source "ChessBase"]
[SourceDate "2023.01.31"]
[SourceVersion "1"]
[SourceVersionDate "2023.01.31"]
[SourceQuality "1"]

1. e4 c6 2. d4 d5 3. exd5 cxd5 4. c4 Nf6 5. Nc3 Bf5 6. Qb3 dxc4 7. Bxc4 e6 8. Qxb7 Nbd7 9. Bf4 Be7 10. Nge2 0-0 11. h3 Nb6 12. Bb3 Re8 13. 0-0 Nfd5 14. Rfd1 Nxf4 15. Nxf4 Bd6 16. Nfe2 Qg5 17. Qf3 a5 18. a4 Rab8 19. Nb5 Bb4 20. Ng3 Bg6 21. Ne4 Qh4 22. Nec3 Bh5 23. g4 Bg6 24. Qg3 Qd8 25. Rac1 Re7 26. Na2 Rc8 27. Nxb4 axb4 28. Qd6 Rd7 29. Rxc8 Nxc8 30. Qb8 h6 31. Rc1 Ne7 32. Qxd8+ Rxd8 33. a5 Bd3 34. Nc7 Rxd4 35. a6 Be4 36. Rc4 Nc6 37. a7 Rd8 38. a8Q Rxa8 39. Nxa8 Bd5 40. Rxc6 Bxc6 41. Nc7 Kf8 42. Na6 Bd5 43. Bxd5 exd5 44. Nxb4 d4 45. Nd3 Ke7 46. Kg2 Kd6 47. Kf3 Kd5 48. b4 Kc4 49. Ke4 f6 50. b5 g6 51. b6 f5+ 52. gxf5 gxf5+ 53. Kxf5 Kxd3 54. b7 Ke2 55. b8Q d3 56. Qf4 d2 57. Qe3+ Kd1 58. Ke4 h5 59. Kd3 1-0

[Event "Hebraica op 29th"]
[Site "Hebraica"]
[Date "2022.11.19"]
[Round "3"]
[White "Monici, Arthur Brecht De Fr"]
[Black "De Paula, Luan Araujo"]
[Result "1-0"]
[WhiteElo "1430"]
[BlackElo "1759"]
[PlyCount "51"]
[EventDate "2022.11.19"]
[EventType "swiss"]
[EventRounds "5"]
[EventCountry "BRA"]
[SourceTitle "CBM 211 Extra"]
[Source "ChessBase"]
[SourceDate "2023.01.31"]
[SourceVersion "1"]
[SourceVersionDate "2023.01.31"]
[SourceQuality "1"]

1. e4 c6 2. d4 d5 3. e5 Bf5 4. h4 h6 5. g4 Bd7 6. Bd3 e6 7. Nf3 c5 8. c3 Nc6 9. Qe2 cxd4 10. Nxd4 Bc5 11. Nb3 Bb6 12. Na3 a6 13. f4 Nge7 14. h5 Qc7 15. Be3 0-0-0 16. Nc5 Rhe8 17. Nxa6 bxa6 18. Bxa6+ Kb8 19. Nb5 Bxe3 20. Nxc7 Kxc7 21. Qxe3 d4 22. cxd4 Nd5 23. Qa3 Ncb4 24. Qa5+ Kb8 25. Rc1 Bc8 26. Rxc8+ 1-0

[Event "Antwerp World Uni op"]
[Site "Antwerp"]
[Date "2022.09.16"]
[Round "8"]
[White "De Paula, Luan Araujo"]
[Black "Matovu, Abel"]
[Result "0-1"]
[WhiteElo "1768"]
[BlackElo "1929"]
[PlyCount "112"]
[EventDate "2022.09.12"]
[EventType "swiss"]
[EventRounds "9"]
[EventCountry "BEL"]
[SourceTitle "EXT 2023"]
[Source "ChessBase"]
[SourceDate "2022.10.05"]
[SourceVersion "1"]
[SourceVersionDate "2022.10.05"]
[SourceQuality "1"]

1. e4 c5 2. Nf3 Nc6 3. Bb5 g6 4. 0-0 Bg7 5. c3 Nf6 6. e5 Nd5 7. d4 cxd4 8. cxd4 Qb6 9. Na3 0-0 10. Ba4 Qd8 11. Bb3 Ncb4 12. Nb1 Nc7 13. d5 d6 14. a3 Nba6 15. Bf4 Nc5 16. exd6 exd6 17. Nc3 Bg4 18. Bc2 Qf6 19. Be3 Bxf3 20. Qxf3 Qxf3 21. gxf3 Bxc3 22. bxc3 Nxd5 23. Rfd1 Nxe3 24. fxe3 Rfe8 25. Kf2 Re6 26. Rd5 Kf8 27. Rad1 Ke7 28. e4 Rc8 29. h4 Nd7 30. R5d3 Ne5 31. Re3 Nc4 32. Ree1 Nxa3 33. Bb3 Re5 34. f4 Rb5 35. Ba4 Rb2+ 36. Kg1 b5 37. e5 bxa4 38. exd6+ Kf8 39. Re4 Rb1 40. Rxb1 Nxb1 41. Rxa4 Nxc3 42. Rxa7 Ne2+ 43. Kf2 Nxf4 44. Kf3 Ne6 45. Ke4 Rc4+ 46. Kd5 Rxh4 47. d7 Rd4+ 48. Ke5 Kg7 49. Rb7 h5 50. Ra7 h4 51. Rb7 h3 52. Rb2 Rxd7 53. Rh2 Rd8 54. Ke4 Rd4+ 55. Ke5 Rh4 56. Kd5 g5 0-1

[Event "Antwerp World Uni op"]
[Site "Antwerp"]
[Date "2022.09.15"]
[Round "6"]
[White "De Block, Yordi"]
[Black "De Paula, Luan Araujo"]
[Result "1/2-1/2"]
[WhiteElo "2100"]
[BlackElo "1768"]
[PlyCount "64"]
[EventDate "2022.09.12"]
[EventType "swiss"]
[EventRounds "9"]
[EventCountry "BEL"]
[SourceTitle "EXT 2023"]
[Source "ChessBase"]
[SourceDate "2022.10.05"]
[SourceVersion "1"]
[SourceVersionDate "2022.10.05"]
[SourceQuality "1"]

1. d4 Nf6 2. c4 e6 3. Nc3 Bb4 4. Qc2 0-0 5. Nf3 d5 6. Bg5 Be7 7. e3 Nbd7 8. cxd5 exd5 9. Bd3 c6 10. 0-0 h6 11. Bh4 Re8 12. Rab1 Ne4 13. Bxe4 dxe4 14. Qxe4 Nf6 15. Qc2 Qa5 16. Ne5 Be6 17. b3 Nd5 18. Nxd5 cxd5 19. Bxe7 Rxe7 20. b4 Qd8 21. Rfc1 Rc8 22. Qd2 Rec7 23. h3 Bf5 24. Ra1 Rc2 25. Rxc2 Rxc2 26. Qd1 Qc8 27. a4 Qc3 28. b5 g6 29. Qe1 Qb2 30. Rb1 Qa2 31. Ra1 Qb2 32. Rb1 Qa2 1/2-1/2

[Event "Antwerp World Uni blitz op"]
[Site "Antwerp"]
[Date "2022.09.14"]
[Round "1"]
[White "De Paula, Luan Araujo"]
[Black "Agibileg, Uurtsaikh"]
[Result "1-0"]
[WhiteElo "1814"]
[BlackElo "2205"]
[PlyCount "69"]
[EventDate "2022.09.14"]
[EventType "swiss (blitz)"]
[EventRounds "9"]
[EventCountry "BEL"]
[SourceTitle "CBM 210 Extra"]
[Source "ChessBase"]
[SourceDate "2022.11.30"]
[SourceVersion "1"]
[SourceVersionDate "2022.11.30"]
[SourceQuality "1"]

1. e4 c5 2. d4 cxd4 3. c3 Nf6 4. e5 Nd5 5. cxd4 d6 6. exd6 Qxd6 7. Nc3 Bf5 8. Nf3 Nc6 9. Be2 e6 10. 0-0 Be7 11. Re1 0-0 12. Bd3 Bxd3 13. Qxd3 Rfd8 14. Ne4 Qd7 15. Bg5 Ndb4 16. Qb1 f6 17. Be3 Rac8 18. a3 Nd5 19. Qd3 Nxe3 20. fxe3 Kh8 21. Rad1 e5 22. d5 f5 23. Neg5 e4 24. Qb5 exf3 25. dxc6 Qxd1 26. Rxd1 Rxd1+ 27. Kf2 Bxg5 28. cxb7 Rg8 29. b8Q Rdd8 30. Qg3 Bf6 31. Qxf5 Rd2+ 32. Kxf3 Rxb2 33. Qgh3 h6 34. Qxf6 Rb1 35. Qhxh6# 1-0

[Event "Antwerp World Uni op"]
[Site "Antwerp"]
[Date "2022.09.14"]
[Round "5"]
[White "De Paula, Luan Araujo"]
[Black "Almeida, Ygor de Souza"]
[Result "1/2-1/2"]
[WhiteElo "1768"]
[BlackElo "1739"]
[PlyCount "172"]
[EventDate "2022.09.12"]
[EventType "swiss"]
[EventRounds "9"]
[EventCountry "BEL"]
[SourceTitle "EXT 2023"]
[Source "ChessBase"]
[SourceDate "2022.10.05"]
[SourceVersion "1"]
[SourceVersionDate "2022.10.05"]
[SourceQuality "1"]

1. e4 e5 2. Nf3 Nc6 3. Bc4 Bc5 4. b4 Bb6 5. a4 a5 6. b5 Nd4 7. Nxd4 exd4 8. 0-0 d6 9. d3 Ne7 10. Bg5 Be6 11. Bxe6 fxe6 12. Qh5+ g6 13. Qh6 Kd7 14. Bf6 Rf8 15. Bh4 Rf7 16. Nd2 Qf8 17. Qxf8 Raxf8 18. f3 e5 19. Nc4 h6 20. Be1 Ra8 21. h4 g5 22. hxg5 hxg5 23. Bd2 g4 24. fxg4 Rg7 25. g5 Ng6 26. Rf6 Ke7 27. Raf1 Nf8 28. g6 Nxg6 29. Bg5 Ke8 30. Bh6 Rg8 31. Rxg6 Rxg6 32. Rf8+ Kd7 33. Rxa8 Rxh6 34. Rf8 Bc5 35. Nxa5 d5 36. Rf5 dxe4 37. Rxe5 exd3 38. cxd3 b6 39. Nb3 Kd6 40. Re4 Kd5 41. Kf2 Rh1 42. Re1 Rh8 43. Kg1 Bd6 44. Re4 Be5 45. Nd2 Ra8 46. Nf3 Bf6 47. Rf4 Bg7 48. Rf7 Bh6 49. Rf5+ Ke6 50. Nxd4+ Ke7 51. Re5+ Kf7 52. Re4 Rxa4 53. Nf5 Ra1+ 54. Kh2 Bf8 55. Rc4 Rb1 56. Rxc7+ Kf6 57. Rc8 Ba3 58. Ne3 Bc5 59. Nd5+ Ke5 60. Nc3 Bg1+ 61. Kh3 Rb3 62. Kg4 Bd4 63. Ne2 Bf2 64. d4+ Kd5 65. Rf8 Be1 66. Rf5+ Kd6 67. Re5 Bf2 68. Kf4 Bh4 69. Ke4 Bf2 70. Rd5+ Ke7 71. Nf4 Re3+ 72. Kf5 Rg3 73. Re5+ Kd7 74. Re4 Bg1 75. Ne2 Rxg2 76. Nxg1 Rxg1 77. Rg4 Rb1 78. Ke5 Rxb5+ 79. d5 Rb1 80. Rg7+ Kc8 81. Kd6 Rh1 82. Kc6 Rc1+ 83. Kxb6 Kd8 84. Rh7 Rc2 85. Rh6 Kd7 86. Rc6 Rb2+ 1/2-1/2

[Event "Antwerp World Uni blitz op"]
[Site "Antwerp"]
[Date "2022.09.14"]
[Round "2"]
[White "Gholami Orimi, Mahdi"]
[Black "De Paula, Luan Araujo"]
[Result "1-0"]
[WhiteElo "2363"]
[BlackElo "1814"]
[PlyCount "70"]
[EventDate "2022.09.14"]
[EventType "swiss (blitz)"]
[EventRounds "9"]
[EventCountry "BEL"]
[SourceTitle "CBM 210 Extra"]
[Source "ChessBase"]
[SourceDate "2022.11.30"]
[SourceVersion "1"]
[SourceVersionDate "2022.11.30"]
[SourceQuality "1"]

1. d4 Nf6 2. c4 e6 3. Nc3 Bb4 4. e3 0-0 5. a3 Bxc3+ 6. bxc3 Nc6 7. Bd3 b6 8. e4 d6 9. Ne2 Ba6 10. Ng3 e5 11. 0-0 exd4 12. Qa4 Na5 13. cxd4 Qd7 14. Qc2 Rfe8 15. Bb2 Qg4 16. f4 g6 17. e5 dxe5 18. fxe5 Nd7 19. Rf2 Rad8 20. Raf1 Rf8 21. Rf4 Qg5 22. Ne4 Qe7 23. d5 Nc5 24. Nf6+ Kh8 25. e6 Nxd3 26. Qxd3 Qc5+ 27. Kh1 Bxc4 28. Nd7+ Kg8 29. Nf6+ Kg7 30. Ne4+ f6 31. Nxc5 Bxd3 32. Nxd3 Rxd5 33. Bxf6+ Kh6 34. e7 Re8 35. Ne5 g5 1-0

[Event "Antwerp World Uni blitz op"]
[Site "Antwerp"]
[Date "2022.09.14"]
[Round "4"]
[White "Stijve, Theo"]
[Black "De Paula, Luan Araujo"]
[Result "1-0"]
[WhiteElo "2257"]
[BlackElo "1814"]
[PlyCount "64"]
[EventDate "2022.09.14"]
[EventType "swiss (blitz)"]
[EventRounds "9"]
[EventCountry "BEL"]
[SourceTitle "CBM 210 Extra"]
[Source "ChessBase"]
[SourceDate "2022.11.30"]
[SourceVersion "1"]
[SourceVersionDate "2022.11.30"]
[SourceQuality "1"]

1. Nf3 Nf6 2. c4 e6 3. g3 d5 4. Bg2 c6 5. 0-0 Be7 6. b3 0-0 7. Bb2 Nbd7 8. d4 b6 9. Nc3 Bb7 10. Nd2 Rc8 11. e4 dxe4 12. Ndxe4 Nxe4 13. Bxe4 Nf6 14. Bg2 Qc7 15. Qe2 Rfd8 16. Rad1 Rd7 17. Rfe1 Rcd8 18. h4 Bf8 19. h5 c5 20. d5 exd5 21. Nb5 Qb8 22. Bxf6 gxf6 23. Qg4+ Kh8 24. cxd5 Bxd5 25. Qf5 Be6 26. Qxf6+ Bg7 27. Qf3 a6 28. Nc3 Rxd1 29. Nxd1 Qd6 30. Ne3 Qc7 31. Nf5 Bb2 32. h6 Bd5 1-0

[Event "Mombaca op 6th"]
[Site "Mombaca"]
[Date "2022.08.21"]
[Round "5"]
[White "Claudino, Ariel Silva"]
[Black "De Paula, Luan Araujo"]
[Result "0-1"]
[WhiteElo "1800"]
[BlackElo "1758"]
[PlyCount "120"]
[EventDate "2022.08.19"]
[EventType "swiss"]
[EventRounds "6"]
[EventCountry "BRA"]
[SourceTitle "CBM 210 Extra"]
[Source "ChessBase"]
[SourceDate "2022.11.30"]
[SourceVersion "1"]
[SourceVersionDate "2022.11.30"]
[SourceQuality "1"]

1. d4 Nf6 2. c4 c5 3. d5 b5 4. cxb5 a6 5. b6 Qxb6 6. Nc3 g6 7. g3 Bg7 8. Bg2 d6 9. Nf3 0-0 10. 0-0 Nbd7 11. Rb1 a5 12. Re1 Ng4 13. Qc2 Nde5 14. b3 Ba6 15. h3 Nxf3+ 16. exf3 Ne5 17. f4 Bd3 18. Qd2 Bxb1 19. Nxb1 Nd7 20. Rxe7 Nf6 21. Bf1 Rae8 22. Re3 Rxe3 23. fxe3 Ne4 24. Qe1 Qb4 25. Bd2 Nxd2 26. Qxd2 Qe4 27. Na3 Qf3 28. g4 Rb8 29. Nc4 a4 30. Bg2 Qg3 31. Qf2 Qxf2+ 32. Kxf2 axb3 33. axb3 Bf8 34. Nd2 Be7 35. Kg3 Ra8 36. Bf1 Ra2 37. Nf3 Rb2 38. Bc4 Bf6 39. Ng1 Bc3 40. Kf3 Kf8 41. Ne2 Be1 42. Ke4 Ke7 43. Kf3 h6 44. Ke4 Rd2 45. Bb5 f5+ 46. gxf5 gxf5+ 47. Kf3 Rxd5 48. Bc4 Rd1 49. e4 fxe4+ 50. Kxe4 Kf6 51. f5 Rd2 52. Nf4 Rd4+ 53. Kf3 Kxf5 54. Nd5 Ke5 55. Ne7 Rd2 56. Kg4 d5 57. Bb5 Rd4+ 58. Kh5 Kf6 59. Ng8+ Kg7 60. Nxh6 Rh4+ 0-1

[Event "Osasco Carvalho Memorial"]
[Site "Osasco"]
[Date "2022.02.19"]
[Round "4"]
[White "De Paula, Luan Araujo"]
[Black "De Resende, Sidnei"]
[Result "1/2-1/2"]
[WhiteElo "1715"]
[BlackElo "1679"]
[PlyCount "70"]
[EventDate "2022.02.18"]
[EventType "swiss"]
[EventRounds "6"]
[EventCountry "BRA"]
[SourceTitle "CBM 207 Extra"]
[Source "ChessBase"]
[SourceDate "2022.05.31"]
[SourceVersion "1"]
[SourceVersionDate "2022.05.31"]
[SourceQuality "1"]

1. e4 c5 2. Nf3 d6 3. d4 cxd4 4. Nxd4 Nf6 5. f3 a6 6. c4 g6 7. Be2 Bg7 8. Be3 0-0 9. 0-0 Nc6 10. Qd2 Re8 11. Nc3 Bd7 12. Rfd1 Rc8 13. Rac1 Qa5 14. Nxc6 bxc6 15. b3 Be6 16. Na4 Qxd2 17. Rxd2 Nd7 18. c5 d5 19. Bxa6 Rc7 20. exd5 Bxd5 21. Rcd1 Ra7 22. Be2 e6 23. Nb6 Bf8 24. Nxd7 Rxd7 25. Bc4 Ra7 26. Bxd5 exd5 27. Bd4 Rea8 28. a4 Rb7 29. Rb2 Ra5 30. Rc1 Rb4 31. Bf6 Bxc5+ 32. Kf1 Rb8 33. Rbc2 Ba3 34. Bc3 Ra6 35. Re1 c5 1/2-1/2